000 00322nam a22001337a 4500
008 170609b xxu||||| |||| 00| 0 eng d
020 _a9780195058444
041 _aeng
080 _22ND
_a94
100 _a17
101 _aSHH
245 _aAMERICAN DIPLOMACY IN THE TWENTIETH CENTURY
_cSCHULZINGER,R.D
942 _2udc
_cBK
999 _c16630
_d16630